The teachings of Islam

Bibliographic Details
Main Author: Zackriya, Muhammad (Author)
Format: Book
Published: Delhi : Taj , 1983
Subjects:

MARC

LEADER 00000cam a2200000 7i4500
001 0000006173
005 20140331093000.0
008 021119s1983
090 0 0 |a BP25   |b .Z3 1983 
100 0 |a Zackriya, Muhammad ,   |e author 
245 1 4 |a The teachings of Islam   |c Muhammad Zackriya translated by Majid Ali Khan, Abdur Rashid Arshad, Azizuddin, Tablighi Nisab 
260 2 |a Delhi :   |b Taj ,   |c 1983 
300 |a 190 p. ;   |c 22 cm. 
650 0 |a Islam 
999 |a 1000001181   |b Book   |c OPEN SHELF (30 DAYS)   |e Gong Badak Campus